عرض عادي
عرض مارك
- ملك، يوسف،
دخول Personal Name
001 - CONTROL NUMBER
- control field: 29065
003 - CONTROL NUMBER IDENTIFIER
- control field: AE-AdECS
005 - DATE AND TIME OF LATEST TRANSACTION
- control field: 20260424075411.0
008 - FIXED-LENGTH DATA ELEMENTS
- fixed length control field: 260424|| aca||aabn | a|a d
040 ## - CATALOGING SOURCE
- Original cataloging agency: AE-AdECS
- Transcribing agency: AE-AdECS
100 ## - HEADING--PERSONAL NAME
- Personal name: ملك، يوسف،
670 ## - SOURCE DATA FOUND
- Source citation: Work cat.: (AE-AdECS)294876: إسماعيل، حسن، مؤلف. 9297, التعريف و تبسيط العلوم /
